[Event "Berlin-ch Seniors op 31st"]
[Site "Berlin"]
[Date "2015.01.30"]
[Round "2"]
[White "Johnsen, Oystein"]
[Black "Yankulin, Vladislav"]
[Result "0-1"]
[WhiteElo "2044"]
[BlackElo "1815"]
[PlyCount "40"]
[EventDate "2015.01.29"]
[EventType "swiss"]
[EventRounds "9"]
[EventCountry "GER"]
[SourceTitle "EXT 2018"]
[Source "ChessBase"]
[SourceDate "2017.10.13"]
[SourceVersion "1"]
[SourceVersionDate "2017.10.13"]
[SourceQuality "1"]

1. Nf3 d5 2. g3 Nf6 3. Bg2 Nc6 4. d4 Bf5 5. 0-0 Qd7 6. c3 Bh3 7. Re1 Bxg2 8. Kxg2 h5 9. h4 0-0-0 10. Qd3 Ne4 11. Ng5 Nxg5 12. Bxg5 f6 13. Bd2 e5 14. dxe5 Nxe5 15. Qc2 g5 16. Rh1 Be7 17. f3 Rdg8 18. e4 Nxf3 19. Kxf3 Qa4 20. Kf2 Bc5+ 0-1

[Event "Berlin-ch Seniors op 31st"]
[Site "Berlin"]
[Date "2015.01.29"]
[Round "1"]
[White "Yankulin, Vladislav"]
[Black "Klevenow, Ursula"]
[Result "1-0"]
[WhiteElo "1815"]
[BlackElo "1447"]
[PlyCount "68"]
[EventDate "2015.01.29"]
[EventType "swiss"]
[EventRounds "9"]
[EventCountry "GER"]
[SourceTitle "EXT 2018"]
[Source "ChessBase"]
[SourceDate "2017.10.13"]
[SourceVersion "1"]
[SourceVersionDate "2017.10.13"]
[SourceQuality "1"]

1. e4 e6 2. d4 d5 3. Nc3 Nf6 4. e5 Nfd7 5. f4 c5 6. Nf3 Nc6 7. Be3 a6 8. Qd2 cxd4 9. Nxd4 Nxd4 10. Bxd4 Bc5 11. 0-0-0 Bxd4 12. Qxd4 0-0 13. h4 b5 14. Re1 Qa5 15. Bd3 Qb6 16. Qxb6 Nxb6 17. g4 Bb7 18. Rhg1 Rac8 19. f5 Nc4 20. f6 g6 21. Nd1 d4 22. b3 Nb6 23. Nf2 Nd7 24. Be4 Bxe4 25. Rxe4 Rc5 26. Nd3 Rd5 27. Rge1 a5 28. g5 Rc8 29. Nf4 Rdc5 30. R4e2 R5c6 31. h5 Rc3 32. hxg6 hxg6 33. Rh2 Nc5 34. Reh1 Nd3+ 1-0

[Event "Berlin-ch qualification"]
[Site "Berlin-Lichtenrade"]
[Date "2012.04.11"]
[Round "6.9"]
[White "Yankulin, Vladislav"]
[Black "Schmidt, Juergen"]
[Result "1-0"]
[WhiteElo "1954"]
[BlackElo "2035"]
[PlyCount "87"]
[EventDate "2012.04.08"]
[EventType "swiss"]
[EventRounds "9"]
[EventCountry "GER"]
[SourceTitle "EXT 2022"]
[Source "ChessBase"]
[SourceDate "2021.10.06"]
[SourceVersion "1"]
[SourceVersionDate "2021.10.06"]
[SourceQuality "1"]

1. e4 e5 2. Nf3 Nc6 3. Bb5 a6 4. Ba4 Nf6 5. 0-0 b5 6. Bb3 Be7 7. d4 exd4 8. e5 Ne4 9. Bd5 Nc5 10. Nxd4 Bb7 11. Nf5 Bf8 12. Re1 Ne6 13. Qf3 g6 14. Ne3 Bg7 15. Nc3 Nxe5 16. Qg3 Bxd5 17. Nexd5 d6 18. f4 Nd7 19. f5 Bd4+ 20. Kh1 gxf5 21. Bg5 Qb8 22. Rxe6+ fxe6 23. Qh4 h5 24. Qxd4 Rg8 25. Nf6+ Nxf6 26. Qxf6 Kd7 27. h4 Qf8 28. Qd4 Qg7 29. Qd3 Qe5 30. Rf1 Qc5 31. Ne2 Qc6 32. Nd4 Qd5 33. Qe3 Rae8 34. b3 c5 35. Ne2 Qe5 36. Qf3 d5 37. c4 d4 38. Qb7+ Qc7 39. Qxa6 bxc4 40. Qxc4 Ra8 41. Nf4 Qc6 42. b4 Ra4 43. Nd3 Ra3 44. Ne5+ 1-0